000 00442nam a22001457a 4500
003 OSt
082 _a631.45
_bADA/DE
088 _aT 526
100 _aAdarsha Gopalakrisha Bhat
_95122
245 _aDevelopment and Evaluation of small scall Hydroponic Green Fodder production system
260 _aKCAET,Tavanur
_bDepartment of soil and water conservation Engineering
_c2021
300 _a52 pages
700 _ajinu (guide)
_95123
942 _cTH
999 _c17455
_d17455